| 000 | 00324nam a2200121Ia 4500 | ||
|---|---|---|---|
| 005 | 20260328104257.0 | ||
| 008 | 260328s9999||||xx |||||||||||||| ||und|| | ||
| 100 | _aBrownlee, David B. | ||
| 245 | 0 |
_aLouis I. Kahn : _b In the realm of Architecture / _cDavid B. Brownlee |
|
| 260 | _bMoca | ||
| 650 | _aARQUITECTOS | ||
| 942 | _cBK | ||
| 999 |
_c10478 _d10478 |
||